000 00611nam a2200217Ia 4500
001 62332
008 170808n2011 ii |||gr||||Z||||||465
020 _a9780198077336
041 _a465
082 _a193
100 _aMohanty,
_eJ.N.,
245 0 _aImplications of the Philosophy of Kant
_cBy J.N.Mohanty & Tara Chatterjea
_hTextual Documents
250 _aist ed.
260 _aNew Delhi
_bOxford University Press
_c2011
300 _apg 218:
_c21cm.
653 _aPhilosophy of Germany & Austria
653 _aPhilosophy
653 _aG- Philosophy
700 _aChatterjea,
_eTara.,
942 _2ddc
_cBK
999 _c63439
_d63439